Combating criminalized power structures: a toolkit
Assessments and strategic planning / Karmen Fields and Oscar Vera -- Understanding culture / James Dorough-Lewis, Jr -- Social change leadership communications / Dana Eyre -- Mandates and authorities / Betsy Andersen -- Targeted sanctions / George Lopez -- United Nations panels of experts : identify...
| Otros Autores: | |
|---|---|
| Tipo de documento: | Print Libro |
| Lenguaje: | Inglés |
| Publicado: |
Lanham Boulder New York London
Rowman & Littlefield
[2016]
|
| En: | Año: 2016 |
| Acceso en línea: |
Índice |
| Disponibilidad en Tübingen: | Disponible en Tübingen. UB: KB 20 A 8221 |
| Verificar disponibilidad: | HBZ Gateway |
| Servicio de pedido Subito: | Pedir ahora. |
| Palabras clave: |
MARC
| LEADER | 00000cam a2200000 c 4500 | ||
|---|---|---|---|
| 001 | 1620401169 | ||
| 003 | DE-627 | ||
| 005 | 20251225201906.0 | ||
| 007 | tu | ||
| 008 | 160629s2016 xxu||||| 00| ||eng c | ||
| 016 | 7 | |a GBB681019 |2 UK | |
| 020 | |a 9781442266339 |c cloth : £54.95 |9 978-1-4422-6633-9 | ||
| 020 | |a 9781442266346 |c pbk. : £23.95 |9 978-1-4422-6634-6 | ||
| 035 | |a (DE-627)1620401169 | ||
| 035 | |a (DE-576)472920189 | ||
| 035 | |a (DE-599)BSZ472920189 | ||
| 035 | |a (OCoLC)959560110 | ||
| 035 | |a (BL)017878709 | ||
| 040 | |a DE-627 |b ger |c DE-627 |e rda | ||
| 041 | |a eng | ||
| 044 | |c XD-US | ||
| 050 | 0 | |a JZ5538 | |
| 082 | 0 | |a 364.4 | |
| 082 | 0 | |a 364.4 |q LOC |2 23 | |
| 084 | |a 2,1 |2 ssgn | ||
| 084 | |a MK 3450 |q BVB |2 rvk |0 (DE-625)rvk/123047: | ||
| 245 | 0 | 0 | |a Combating criminalized power structures |b a toolkit |c edited by Michael Dziedzic |
| 264 | 1 | |a Lanham |a Boulder |a New York |a London |b Rowman & Littlefield |c [2016] | |
| 264 | 4 | |c © 2016 | |
| 300 | |a xii, 207 Seiten | ||
| 336 | |a Text |b txt |2 rdacontent | ||
| 337 | |a ohne Hilfsmittel zu benutzen |b n |2 rdamedia | ||
| 338 | |a Band |b nc |2 rdacarrier | ||
| 490 | 0 | |a Peace and security in the 21st century series | |
| 500 | |a Titel gehört inhaltlich zu: "Criminalized power structures", in derselben Reihe erschienen | ||
| 520 | |a Assessments and strategic planning / Karmen Fields and Oscar Vera -- Understanding culture / James Dorough-Lewis, Jr -- Social change leadership communications / Dana Eyre -- Mandates and authorities / Betsy Andersen -- Targeted sanctions / George Lopez -- United Nations panels of experts : identifying sanctions violations and the networks behind them / Alix Boucher -- International watchdog organizations / Kristi Clough -- International supply chain controls on looting of natural resources / Merriam Mashatt -- Governance and economic management assistance program (gemap) / Matt Chessen and Robert Krech -- Customs and border control / Paul Acda -- Accountability as a countermeasure / Scott Carlson and Michael Dziedzic -- Institutional development of the legal system / Mark Kroeker -- Community-based monitoring / Lorenzo Delegues and Huma Gupta -- The civil society "triangle" / Haki Abazi -- Social media networks / Marcia Byrom Hartwell -- Criminal intelligence-led operations / Bertram Welsing -- International judges and prosecutors / Michael E. Hartmann | ||
| 583 | 1 | |a Archivierung/Langzeitarchivierung gewährleistet |f SSG |x XA-DE-BW |2 pdager |5 DE-21 | |
| 650 | 0 | |a Peace-building | |
| 650 | 0 | |a Crime Prevention | |
| 650 | 0 | |a Organized Crime | |
| 650 | 0 | |a Postwar reconstruction | |
| 655 | 7 | |a Aufsatzsammlung |0 (DE-588)4143413-4 |0 (DE-627)105605727 |0 (DE-576)209726091 |2 gnd-content | |
| 689 | 0 | 0 | |d s |0 (DE-588)4421423-6 |0 (DE-627)21477743X |0 (DE-576)212267256 |a Nachkriegszeit |2 gnd |
| 689 | 0 | 1 | |d s |0 (DE-588)4157234-8 |0 (DE-627)104262087 |0 (DE-576)209832851 |a Gewaltkriminalität |2 gnd |
| 689 | 0 | 2 | |d s |0 (DE-588)4043830-2 |0 (DE-627)104189177 |0 (DE-576)209057513 |a Organisiertes Verbrechen |2 gnd |
| 689 | 0 | 3 | |d s |0 (DE-588)4246883-8 |0 (DE-627)104809140 |0 (DE-576)210483172 |a Machtstruktur |2 gnd |
| 689 | 0 | 4 | |d s |0 (DE-588)4112701-8 |0 (DE-627)104321679 |0 (DE-576)209470127 |a Bekämpfung |2 gnd |
| 689 | 0 | 5 | |d s |0 (DE-588)4019411-5 |0 (DE-627)104331933 |0 (DE-576)208929304 |a Friedenssicherung |2 gnd |
| 689 | 0 | |5 (DE-627) | |
| 700 | 1 | |a Dziedzic, Michael J. |e HerausgeberIn |0 (DE-588)1057322660 |0 (DE-627)795834314 |0 (DE-576)165935979 |4 edt | |
| 776 | 1 | |z 9781442266353 | |
| 776 | 0 | 8 | |i Erscheint auch als |n Online-Ausgabe |t Combating criminalized power structures |d Lanham, Maryland : Rowman & Littlefield, 2016 |w (DLC)2016021479 |
| 856 | 4 | 2 | |u https://swbplus.bsz-bw.de/bsz472920189inh.htm |m B:DE-576;DE-Frei85 |q application/pdf |v 20160808124120 |x Verlag |3 Inhaltsverzeichnis |7 1 |
| 935 | |a mkri | ||
| 936 | r | v | |a MK 3450 |b Waffenstillstand und andere Zustände zwischen Krieg und Frieden |k Politologie |k Internationale Politik |k Internationale Konflikte (Krieg und Frieden) |k Waffenstillstand und andere Zustände zwischen Krieg und Frieden |0 (DE-627)1271444054 |0 (DE-625)rvk/123047: |0 (DE-576)201444054 |
| 951 | |a BO | ||
| ELC | |b 1 | ||
| LOK | |0 000 xxxxxcx a22 zn 4500 | ||
| LOK | |0 001 3232808689 | ||
| LOK | |0 003 DE-627 | ||
| LOK | |0 004 1620401169 | ||
| LOK | |0 005 20160921144934 | ||
| LOK | |0 008 160728||||||||||||||||ger||||||| | ||
| LOK | |0 040 |a DE-21 |c DE-627 |d DE-21 | ||
| LOK | |0 852 |a DE-21 | ||
| LOK | |0 852 1 |c KB 20 A 8221 |9 00 | ||
| LOK | |0 935 |a krim | ||
| LOK | |0 938 |a 1609 |f 34 | ||
| LOK | |0 939 |a 28-07-16 |b l01 | ||
| LOK | |0 000 xxxxxcx a22 zn 4500 | ||
| LOK | |0 001 3232808859 | ||
| LOK | |0 003 DE-627 | ||
| LOK | |0 004 1620401169 | ||
| LOK | |0 005 20160803161605 | ||
| LOK | |0 008 160629||||||||||||||||ger||||||| | ||
| LOK | |0 040 |a DE-Frei85 |c DE-627 |d DE-Frei85 | ||
| LOK | |0 852 |a DE-Frei85 | ||
| LOK | |0 852 1 |m p |9 00 | ||
| LOK | |0 938 |k p | ||
| LOK | |0 939 |a 29-06-16 |b l01 | ||
| ORI | |a SA-MARC-krimdoka001.raw | ||
| SIG | |a UB: KB 20 A 8221 | ||
